000 00283nam a22001337a 4500
008 170406b xxu||||| |||| 00| 0 eng d
020 _a00285844
041 _aeng
080 _218 ED
_a575
100 _a9
101 _aSHM
245 _aTROPICAL DISEASES
_cBAHR.M
942 _2udc
_cBK
999 _c9930
_d9930